| 000 | 00725nam a2200169 u 4500 | ||
|---|---|---|---|
| 001 | 000036128 | ||
| 005 | 20200930074913.0 | ||
| 008 | 090701s2007 dr a r 000 0 spa d | ||
| 040 |
_aDO-SdBNP _bspa _cBNPHU |
||
| 082 |
_axxxx _bR426e |
||
| 110 | 1 |
_aRepública Dominicana. _bAyuntamiento del Distrito Nacional _99535 |
|
| 245 | 1 | 0 |
_aEncuesta del gobierno de la seguridad en el Distrito Nacional / _cprólogo Roberto Salcedo. |
| 260 |
_aSanto Domingo : _bAyuntamiento del Distrito Nacional, _c2007. |
||
| 300 |
_a59 p. : _bil. ; _c22 cm. |
||
| 500 | _aObservatorio ciudadano (Gobierno de la seguridad: inclusión, participación y cultural de paz) | ||
| 700 | 1 |
_aSalcedo, Roberto, _cAlcalde de Santo Domingo de Guzmán _epról. _962164 |
|
| 999 |
_c35619 _d35619 |
||